| 000 | 01177nam0a22002891 4500 | ||
|---|---|---|---|
| 001 | rc\2557995 | ||
| 005 | 20260406111414.0 | ||
| 035 | _a(NLR Aleph) 006722927 | ||
| 090 |
_a5462788 _c5462788 |
||
| 100 | _a20110914d1927 |||y0rusy50 ca | ||
| 101 | 1 |
_arus _cfre |
|
| 102 | _aRU | ||
| 105 | _ay z ||||| | ||
| 200 | 1 |
_aРынок женщин _fПер. с фр. З. Вершининой |
|
| 210 |
_aМосква _cНедра _cМосполиграф _d1927 _gТипо-цинкография "Мысль печатника" |
||
| 215 |
_a173, [2] с., [1] с. объявл. _d21х15 см. |
||
| 300 | _aЗагл. на 2-й стр. обложки на фр. яз. | ||
| 300 | _aДоб. тит. лист: "Albert Londres. Le chemin de Buenos-Aires (La traite des blanches)" | ||
| 300 | _aОбложка: Р. Х. | ||
| 700 | 1 |
_7ca _8rus _aЛондр _bА. _f1884-1932 _gАльбер _9220075 _3RU\NLR\AUTH\770220131 |
|
| 702 | 1 |
_4730 _7ca _8rus _aВершинина _bЗ. А. _f1873-1942 _gЗинаида Андреевна _3RU\NLR\AUTH\77120139 _9103064 |
|
| 801 | 0 |
_aRU _bNLR _gpsbo |
|
| 801 | 1 |
_aRU _bELAR _2rusmarc |
|
| 852 |
_aNLR _j43/283 |
||
| 942 | _cBOOK | ||
| 980 | _aNB | ||